00509nam a2200193 a 4500001001300000003000900013005001700022008004100039020001000080082001500090100001900105245004800124260004700172300000800219500003500227505001400262650002000276700001900296nice12345678IN_TiNIC20260116011659.0050524s1972 mada grp 000 0 eng  ac10000a267.6bJOH aJohn, George M aYouth Christian Council of Action 1938-1954 aMadrasbChristian Literature Societyc1972 a98p aincludes index and biblioraphy2 aresereved aChristian-Youth1 aJohn, George M